[Event "Internacional Barreiro"]
[Site "?"]
[Date "2017.10.08"]
[Round "6.1"]
[White "Silva, David Miguel da"]
[Black "Fidalgo, Andre Neves"]
[Result "1/2-1/2"]
[BlackElo "2149"]
[WhiteElo "2252"]
[LiveChessVersion "1.4.8"]

1. e4 {[%clk 1:30:56]} c5 {[%clk 1:30:53]} 2. Nf3 {[%clk 1:31:21]} Nc6
{[%clk 1:31:12]} 3. Bb5 {[%clk 1:31:46]} g6 {[%clk 1:31:36]} 4. Bxc6
{[%clk 1:32:03]} dxc6 {[%clk 1:31:59]} 5. d3 {[%clk 1:31:59]} Bg7
{[%clk 1:32:15]} 6. Nc3 {[%clk 1:32:22]} e5 {[%clk 1:31:47]} 7. Be3
{[%clk 1:32:40]} b6 {[%clk 1:32:09]} 8. Qd2 {[%clk 1:33:03]} Nf6 {[%clk 1:32:05]}
9. Nxe5 {[%clk 1:32:08]} Nxe4 {[%clk 1:32:10]} 10. Nxc6 {[%clk 1:32:28]} Nxd2
{[%clk 1:32:34]} 11. Nxd8 {[%clk 1:32:35]} Nc4 {[%clk 1:32:58]} 12. dxc4
{[%clk 1:32:57]} Bxc3+ {[%clk 1:27:53]} 13. bxc3 {[%clk 1:33:25]} Kxd8
{[%clk 1:28:11]} 14. O-O-O+ {[%clk 1:33:48]} Kc7 {[%clk 1:28:14]} 15. Bf4+
{[%clk 1:33:56]} Kb7 {[%clk 1:28:17]} 16. h4 {[%clk 1:29:39]} h5 {[%clk 1:26:36]}
17. Rhe1 {[%clk 1:28:58]} Be6 {[%clk 1:26:30]} 18. Re4 {[%clk 1:28:06]} Rhe8
{[%clk 1:22:12]} 19. Rde1 {[%clk 1:28:31]} Bd7 {[%clk 0:57:59]} 20. Re7
{[%clk 1:28:53]} Ka6 {[%clk 0:58:13]} 21. Bg5 {[%clk 1:26:39]} Be6
{[%clk 0:58:32]} 22. Re4 {[%clk 1:26:26]} Rxe7 {[%clk 0:57:34]} 23. Bxe7
{[%clk 1:26:52]} Bf5 {[%clk 0:56:39]} 24. Re5 {[%clk 1:25:53]} Be6
{[%clk 0:55:55]} 25. Re4 {[%clk 1:25:20]} Bf5 {[%clk 0:55:51]} 1/2-1/2

[Event "Internacional Barreiro"]
[Site "?"]
[Date "2017.10.08"]
[Round "6.2"]
[White "Silva, Goncalo Nuno Neto Pires"]
[Black "Santos, Antonio Pereira dos"]
[Result "1/2-1/2"]
[BlackElo "2201"]
[WhiteElo "1985"]
[LiveChessVersion "1.4.8"]

1. e4 c5 {[%clk 1:23:24]} 2. Nf3 {[%clk 1:21:48]} Nc6 {[%clk 1:23:45]} 3. Bb5
{[%clk 1:21:50]} e6 {[%clk 1:24:04]} 4. O-O {[%clk 1:21:25]} Nge7
{[%clk 1:24:23]} 5. d4 {[%clk 1:20:09]} cxd4 {[%clk 1:24:26]} 6. Nxd4
{[%clk 1:18:52]} Nxd4 {[%clk 1:06:34]} 7. Qxd4 {[%clk 1:18:01]} Nc6
{[%clk 1:07:00]} 8. Qd1 {[%clk 1:14:19]} a6 {[%clk 1:06:33]} 9. Bd3
{[%clk 1:13:56]} Qc7 {[%clk 1:06:45]} 10. Nc3 {[%clk 1:12:21]} Be7
{[%clk 0:58:38]} 11. Qg4 {[%clk 1:08:29]} Bf6 {[%clk 0:45:06]} 12. Bg5
{[%clk 1:02:53]} Bxg5 {[%clk 0:20:09]} 13. Qxg5 {[%clk 1:03:09]} Qe5
{[%clk 0:20:34]} 14. Qe3 {[%clk 1:03:20]} O-O {[%clk 0:20:54]} 15. Rad1
{[%clk 1:03:16]} b5 {[%clk 0:19:38]} 16. f4 {[%clk 1:03:24]} Qd4 {[%clk 0:17:08]}
17. Qxd4 {[%clk 1:03:43]} Nxd4 {[%clk 0:17:36]} 18. e5 {[%clk 1:03:35]} Nc6
{[%clk 0:18:05]} 19. Be4 {[%clk 1:03:13]} Rb8 {[%clk 0:12:13]} 20. Bxc6
{[%clk 1:01:11]} dxc6 {[%clk 0:12:41]} 21. Ne4 {[%clk 1:01:33]} b4
{[%clk 0:13:08]} 22. Rd6 {[%clk 1:01:38]} a5 {[%clk 0:13:37]} 23. Rfd1
{[%clk 1:00:53]} c5 {[%clk 0:06:08]} 24. Rd8 {[%clk 0:43:08]} Bb7
{[%clk 0:06:04]} 25. Rxf8+ {[%clk 0:41:57]} Kxf8 {[%clk 0:06:33]} 26. Nxc5
{[%clk 0:42:13]} Ke8 {[%clk 0:07:02]} 27. Rd6 {[%clk 0:33:33]} Bd5
{[%clk 0:07:17]} 28. Ra6 {[%clk 0:33:53]} Rb5 {[%clk 0:03:40]} 29. Nb3
{[%clk 0:33:44]} Bxb3 {[%clk 0:03:56]} 30. cxb3 {[%clk 0:33:48]} g5
{[%clk 0:04:02]} 31. g3 {[%clk 0:34:02]} Rd5 {[%clk 0:03:38]} 32. Kf2
{[%clk 0:33:46]} Rd2+ {[%clk 0:03:32]} 33. Ke3 {[%clk 0:32:12]} Rxb2
{[%clk 0:03:59]} 34. Rxa5 {[%clk 0:32:37]} g4 {[%clk 0:04:20]} 35. Ra4
{[%clk 0:28:22]} Rxh2 {[%clk 0:04:40]} 36. Rxb4 {[%clk 0:28:51]} Rxa2
{[%clk 0:04:55]} 37. Rb8+ {[%clk 0:29:15]} Ke7 {[%clk 0:05:17]} 38. Rg8
{[%clk 0:28:56]} h5 {[%clk 0:05:42]} 39. Rg5 {[%clk 0:29:18]} Rg2
{[%clk 0:06:01]} 40. Rxh5 {[%clk 0:27:56]} Rxg3+ {[%clk 0:06:28]} 41. Ke4
{[%clk 0:27:48]} Rxb3 {[%clk 0:06:49]} 42. Rg5 {[%clk 0:28:15]} g3
{[%clk 0:04:48]} 43. Rg7 {[%clk 0:26:55]} Ra3 {[%clk 0:02:53]} 44. Rg8
{[%clk 0:26:49]} f5+ {[%clk 0:01:02]} 45. exf6+ {[%clk 0:27:16]} Kxf6
{[%clk 0:01:20]} 46. Rg4 {[%clk 0:25:41]} Ra4+ {[%clk 0:01:10]} 47. Kf3
{[%clk 0:26:08]} Ra3+ {[%clk 0:01:31]} 48. Ke4 {[%clk 0:26:24]} 1/2-1/2

[Event "Internacional Barreiro"]
[Site "?"]
[Date "2017.10.08"]
[Round "6.3"]
[White "Martins, Bruno Andre Leite"]
[Black "Apolonia, Pedro Filipe Cristovao"]
[Result "1-0"]
[BlackElo "1613"]
[WhiteElo "2162"]
[LiveChessVersion "1.4.8"]

1. e4 {[%clk 1:30:58]} c5 {[%clk 1:30:57]} 2. Nf3 {[%clk 1:31:12]} g6
{[%clk 1:31:21]} 3. d4 {[%clk 1:31:28]} cxd4 {[%clk 1:31:46]} 4. Nxd4
{[%clk 1:31:07]} Nc6 {[%clk 1:32:09]} 5. Nc3 {[%clk 1:31:14]} Bg7
{[%clk 1:32:33]} 6. Nde2 {[%clk 1:31:37]} Nf6 {[%clk 1:30:46]} 7. g3
{[%clk 1:31:48]} d6 {[%clk 1:29:14]} 8. Bg2 {[%clk 1:31:47]} O-O {[%clk 1:24:23]}
9. O-O {[%clk 1:31:46]} e5 {[%clk 1:20:21]} 10. Bg5 {[%clk 1:21:35]} a6
{[%clk 1:06:30]} 11. Qd2 {[%clk 1:16:12]} Ne7 {[%clk 0:44:28]} 12. Bxf6
{[%clk 1:05:50]} Bxf6 {[%clk 0:44:50]} 13. Rad1 {[%clk 1:05:27]} Be6
{[%clk 0:44:58]} 14. Qxd6 {[%clk 1:02:25]} Qc8 {[%clk 0:43:00]} 15. Nd5
{[%clk 0:50:14]} Nxd5 {[%clk 0:36:32]} 16. exd5 {[%clk 0:50:29]} Qxc2
{[%clk 0:36:54]} 17. Nc3 {[%clk 0:40:32]} 1-0

[Event "Internacional Barreiro"]
[Site "?"]
[Date "2017.10.08"]
[Round "6.4"]
[White "Fidalgo, Daniel Neves"]
[Black "Ferreira, Hugo Miguel da Costa"]
[Result "1/2-1/2"]
[BlackElo "2138"]
[WhiteElo "1965"]
[LiveChessVersion "1.4.8"]

1. c4 {[%clk 1:30:58]} e5 {[%clk 1:30:56]} 2. g3 {[%clk 1:31:21]} f5
{[%clk 1:31:06]} 3. Bg2 {[%clk 1:31:31]} Nf6 {[%clk 1:31:30]} 4. Nc3
{[%clk 1:31:36]} d6 {[%clk 1:31:35]} 5. d3 {[%clk 1:31:39]} Be7 {[%clk 1:31:54]}
6. e3 {[%clk 1:31:25]} c6 {[%clk 1:32:11]} 7. Nge2 {[%clk 1:31:45]} O-O
{[%clk 1:32:32]} 8. O-O {[%clk 1:32:09]} Be6 {[%clk 1:32:21]} 9. b3
{[%clk 1:23:33]} Na6 {[%clk 1:30:03]} 10. f4 {[%clk 1:20:30]} Qd7
{[%clk 1:29:02]} 11. d4 {[%clk 1:17:11]} e4 {[%clk 1:29:01]} 12. Ba3
{[%clk 1:13:33]} Rac8 {[%clk 1:05:56]} 13. h3 {[%clk 1:10:10]} b5
{[%clk 1:01:01]} 14. d5 {[%clk 1:04:03]} cxd5 {[%clk 1:01:17]} 15. cxb5
{[%clk 1:04:20]} Nc5 {[%clk 0:58:57]} 16. Qd2 {[%clk 1:03:09]} Qb7
{[%clk 0:41:39]} 17. Rfd1 {[%clk 0:59:17]} Bd8 {[%clk 0:25:36]} 18. Nd4
{[%clk 0:56:37]} Bd7 {[%clk 0:25:52]} 19. Bf1 {[%clk 0:56:55]} Bb6
{[%clk 0:25:02]} 20. Nc6 1/2-1/2

[Event "Internacional Barreiro"]
[Site "?"]
[Date "2017.10.08"]
[Round "6.5"]
[White "Pires, Emanuel Joao Robarts"]
[Black "Morais, Vitor Mestre"]
[Result "0-1"]
[BlackElo "1949"]
[WhiteElo "2046"]
[LiveChessVersion "1.4.8"]

1. e4 {[%clk 1:30:14]} c5 {[%clk 1:29:40]} 2. d4 {[%clk 1:30:40]} cxd4
{[%clk 1:29:51]} 3. c3 {[%clk 1:31:09]} dxc3 {[%clk 1:30:07]} 4. Nxc3
{[%clk 1:31:37]} Nc6 {[%clk 1:30:30]} 5. Nf3 {[%clk 1:32:03]} d6 {[%clk 1:30:49]}
6. Bc4 {[%clk 1:32:29]} e6 {[%clk 1:31:11]} 7. O-O {[%clk 1:32:50]} Nf6
{[%clk 1:31:32]} 8. Qe2 {[%clk 1:33:11]} a6 {[%clk 1:31:56]} 9. Rd1
{[%clk 1:33:36]} Qc7 {[%clk 1:32:18]} 10. a3 {[%clk 1:17:42]} Be7
{[%clk 1:32:36]} 11. h3 {[%clk 1:17:58]} O-O {[%clk 1:32:55]} 12. Bf4
{[%clk 1:17:39]} Ne5 {[%clk 1:31:58]} 13. Bxe5 {[%clk 1:12:45]} dxe5
{[%clk 1:32:18]} 14. Rac1 {[%clk 1:12:47]} b5 {[%clk 1:31:43]} 15. Ba2
{[%clk 1:08:31]} Qb8 {[%clk 1:31:14]} 16. Qe3 {[%clk 1:05:37]} h6
{[%clk 1:30:40]} 17. Rc2 {[%clk 1:04:45]} Bd7 {[%clk 1:30:38]} 18. Ne2
{[%clk 0:59:49]} Rc8 {[%clk 1:30:02]} 19. Rdc1 {[%clk 0:56:42]} Rxc2
{[%clk 1:29:11]} 20. Rxc2 {[%clk 0:57:11]} Be8 {[%clk 1:28:50]} 21. Nc1
{[%clk 0:55:01]} Qd6 {[%clk 1:26:03]} 22. Nd3 {[%clk 0:52:14]} Nd7
{[%clk 1:23:13]} 23. g3 {[%clk 0:46:37]} Rd8 {[%clk 1:19:08]} 24. Kg2
{[%clk 0:44:56]} a5 {[%clk 1:16:31]} 25. b4 {[%clk 0:42:43]} axb4
{[%clk 1:14:14]} 26. axb4 {[%clk 0:43:12]} Ra8 {[%clk 1:13:39]} 27. Nc5
{[%clk 0:37:14]} Nxc5 {[%clk 1:13:59]} 28. bxc5 {[%clk 0:37:35]} Qc7
{[%clk 1:14:12]} 29. h4 {[%clk 0:29:28]} Bc6 {[%clk 1:14:20]} 30. Nd2
{[%clk 0:26:46]} Ra4 {[%clk 1:14:25]} 31. f3 {[%clk 0:26:31]} Qa7
{[%clk 1:14:18]} 32. Bb3 {[%clk 0:24:27]} Rd4 {[%clk 1:14:16]} 33. Nf1
{[%clk 0:21:39]} Qa3 {[%clk 1:07:58]} 34. Rc3 {[%clk 0:17:08]} b4
{[%clk 1:04:19]} 35. Rc2 {[%clk 0:16:34]} Qa6 {[%clk 1:04:24]} 36. Nd2
{[%clk 0:04:59]} Qd3 {[%clk 1:04:40]} 37. Kf2 {[%clk 0:04:25]} Qa6
{[%clk 1:02:46]} 38. Kg2 {[%clk 0:03:33]} Bb5 {[%clk 1:00:11]} 39. c6
{[%clk 0:01:41]} Bxc6 {[%clk 1:00:17]} 40. Nc4 {[%clk 0:01:51]} Bf6
{[%clk 0:58:18]} 41. Ra2 {[%clk 0:01:45]} Qc8 {[%clk 0:57:58]} 42. Rc2
{[%clk 0:00:37]} Qd8 {[%clk 0:55:15]} 43. Qe1 {[%clk 0:00:49]} Qb8
{[%clk 0:53:52]} 44. Ne3 {[%clk 0:00:31]} Bb5 {[%clk 0:51:59]} 45. Qc1
{[%clk 0:00:36]} Qd6 {[%clk 0:51:29]} 46. Ng4 {[%clk 0:00:38]} Kh7
{[%clk 0:50:59]} 47. Ne3 {[%clk 0:00:36]} Be7 {[%clk 0:50:07]} 48. Rc7
{[%clk 0:00:36]} Rd3 {[%clk 0:49:46]} 49. Ba2 {[%clk 0:00:33]} Rxe3
{[%clk 0:49:43]} 50. Kh3 {[%clk 0:00:38]} Rxf3 {[%clk 0:49:38]} 51. Rb7
{[%clk 0:00:37]} Bf1+ {[%clk 0:49:54]} 52. Kg4 {[%clk 0:00:40]} Rf2
{[%clk 0:50:03]} 53. Qe1 {[%clk 0:00:34]} h5+ {[%clk 0:50:16]} 54. Kxh5
{[%clk 0:00:44]} Be2+ {[%clk 0:50:37]} 0-1

[Event "Internacional Barreiro"]
[Site "?"]
[Date "2017.10.08"]
[Round "6.6"]
[White "Cunha, Helder Jose Pereira da"]
[Black "Santos, Jose Guilherme Barria"]
[Result "0-1"]
[BlackElo "1885"]
[WhiteElo "2016"]
[LiveChessVersion "1.4.8"]

1. e4 {[%clk 1:22:59]} c5 {[%clk 1:30:55]} 2. Nf3 {[%clk 1:23:07]} Nc6
{[%clk 1:31:20]} 3. d4 {[%clk 1:22:54]} cxd4 {[%clk 1:31:45]} 4. Nxd4
{[%clk 1:23:19]} Nf6 {[%clk 1:32:10]} 5. Nc3 {[%clk 1:23:43]} d6 {[%clk 1:32:37]}
6. Be2 {[%clk 1:23:35]} e6 {[%clk 1:32:49]} 7. Be3 {[%clk 1:23:30]} Be7
{[%clk 1:33:10]} 8. O-O {[%clk 1:22:35]} O-O {[%clk 1:32:53]} 9. f4
{[%clk 1:20:51]} Bd7 {[%clk 1:28:47]} 10. Qe1 {[%clk 1:17:40]} Qc7
{[%clk 1:18:09]} 11. Qg3 {[%clk 1:17:38]} Nxd4 {[%clk 1:13:59]} 12. Bxd4
{[%clk 1:17:32]} Bc6 {[%clk 1:14:14]} 13. e5 {[%clk 1:16:10]} dxe5
{[%clk 1:14:33]} 14. Bxe5 {[%clk 1:16:22]} Qb6+ {[%clk 0:58:58]} 15. Kh1
{[%clk 1:15:11]} Rfd8 {[%clk 0:58:31]} 16. f5 {[%clk 1:05:09]} exf5
{[%clk 0:58:56]} 17. Rxf5 {[%clk 0:51:34]} Bd6 {[%clk 0:35:39]} 18. Rxf6
{[%clk 0:47:17]} Bxe5 {[%clk 0:35:47]} 19. Rxc6 {[%clk 0:47:41]} bxc6
{[%clk 0:35:15]} 20. Qxe5 {[%clk 0:47:35]} Re8 {[%clk 0:35:38]} 21. Qg3
{[%clk 0:43:34]} Re3 {[%clk 0:25:21]} 22. Qf2 {[%clk 0:38:48]} Qxb2
{[%clk 0:23:37]} 23. Rf1 {[%clk 0:34:27]} Re7 {[%clk 0:23:53]} 24. Qc5
{[%clk 0:26:31]} Rae8 {[%clk 0:24:12]} 25. Rb1 {[%clk 0:24:41]} Qxc2
{[%clk 0:22:47]} 26. Qxe7 {[%clk 0:24:10]} Qxb1+ {[%clk 0:23:13]} 27. Nxb1
{[%clk 0:24:20]} Rxe7 {[%clk 0:23:40]} 28. Nc3 {[%clk 0:22:25]} Re3
{[%clk 0:24:06]} 29. Kg1 {[%clk 0:20:51]} Rxc3 {[%clk 0:24:31]} 30. Bf3
{[%clk 0:20:52]} c5 {[%clk 0:24:47]} 31. Be4 {[%clk 0:20:40]} g6 {[%clk 0:25:03]}
32. Kf1 {[%clk 0:20:49]} f5 {[%clk 0:25:30]} 33. Bc6 {[%clk 0:20:49]} Kf8
{[%clk 0:25:55]} 34. Ke1 {[%clk 0:20:58]} Ke7 {[%clk 0:26:21]} 35. Kd2
{[%clk 0:20:09]} Ra3 {[%clk 0:26:46]} 36. Bd5 {[%clk 0:20:21]} Kd6
{[%clk 0:27:13]} 37. Bc4 {[%clk 0:20:19]} Ke5 {[%clk 0:27:40]} 38. Bg8
{[%clk 0:20:10]} Kd4 {[%clk 0:28:00]} 39. Kc2 {[%clk 0:20:27]} c4
{[%clk 0:27:54]} 40. Kb2 {[%clk 0:20:42]} Ra5 {[%clk 0:28:18]} 41. Bxh7
{[%clk 0:20:36]} c3+ {[%clk 0:28:37]} 42. Kb1 {[%clk 0:20:02]} Rb5+
{[%clk 0:28:57]} 43. Kc1 {[%clk 0:18:43]} Kd3 {[%clk 0:29:20]} 44. Bg8
{[%clk 0:13:36]} Re5 {[%clk 0:29:40]} 45. Bb3 {[%clk 0:12:18]} Re1+
{[%clk 0:30:05]} 46. Bd1 {[%clk 0:12:39]} c2 {[%clk 0:30:31]} 47. Kb2
{[%clk 0:12:09]} cxd1=R {[%clk 0:30:51]} 48. g3 {[%clk 0:12:10]} Rb1+
{[%clk 0:31:19]} 49. Ka3 {[%clk 0:12:23]} Re6 {[%clk 0:31:47]} 0-1

[Event "Internacional Barreiro"]
[Site "?"]
[Date "2017.10.08"]
[Round "6.7"]
[White "Korotkyi, Daniyil"]
[Black "Ulyanovskyy, Viktor"]
[Result "0-1"]
[BlackElo "2205"]
[WhiteElo "1322"]
[LiveChessVersion "1.4.8"]

1. e4 {[%clk 1:23:55]} c6 {[%clk 1:29:07]} 2. d4 {[%clk 1:23:20]} d5
{[%clk 1:29:29]} 3. Nc3 {[%clk 1:22:15]} dxe4 {[%clk 1:29:34]} 4. Nxe4
{[%clk 1:22:29]} Bf5 {[%clk 1:29:58]} 5. f3 {[%clk 1:20:45]} Bxe4
{[%clk 1:28:44]} 6. fxe4 {[%clk 1:21:00]} e5 {[%clk 1:29:10]} 7. Nf3
{[%clk 1:20:52]} exd4 {[%clk 1:29:34]} 8. Qxd4 {[%clk 1:20:42]} Qxd4
{[%clk 1:29:59]} 9. Nxd4 {[%clk 1:20:55]} Nf6 {[%clk 1:29:59]} 10. Bd3
{[%clk 1:20:07]} Bc5 {[%clk 1:30:01]} 11. Nf5 {[%clk 1:17:06]} O-O
{[%clk 1:29:31]} 12. Be3 {[%clk 1:14:09]} Bxe3 {[%clk 1:27:52]} 13. Nxe3
{[%clk 1:14:29]} Nbd7 {[%clk 1:28:10]} 14. O-O-O {[%clk 1:13:57]} Rfe8
{[%clk 1:28:24]} 15. Rhe1 {[%clk 1:12:07]} Rad8 {[%clk 1:26:10]} 16. Nc4
{[%clk 1:09:42]} Ne5 {[%clk 1:25:38]} 17. Nxe5 {[%clk 1:09:32]} Rxe5
{[%clk 1:26:05]} 18. Rd2 {[%clk 1:09:15]} Rde8 {[%clk 1:25:17]} 19. Rde2
{[%clk 1:08:45]} Nd7 {[%clk 1:24:47]} 20. Kd2 {[%clk 1:08:01]} Nc5
{[%clk 1:24:47]} 21. b3 {[%clk 1:05:45]} f6 {[%clk 1:24:12]} 22. g4
{[%clk 1:04:29]} h5 {[%clk 1:22:51]} 23. gxh5 {[%clk 1:04:13]} Rxh5
{[%clk 1:23:18]} 24. Rg2 {[%clk 1:04:11]} Rhe5 {[%clk 1:23:11]} 25. Rge2
{[%clk 1:00:12]} Kf8 {[%clk 1:22:46]} 26. a4 {[%clk 0:58:42]} a5 {[%clk 1:22:24]}
27. Kc3 {[%clk 0:57:12]} b6 {[%clk 1:22:34]} 28. Kd4 {[%clk 0:55:40]} Rh5
{[%clk 1:21:24]} 29. Bc4 {[%clk 0:51:03]} Rh3 {[%clk 1:18:36]} 30. Re3
{[%clk 0:45:45]} Rxh2 {[%clk 1:17:29]} 31. R1e2 {[%clk 0:45:59]} Rd8+
{[%clk 1:17:02]} 32. Kc3 {[%clk 0:46:14]} Rxe2 {[%clk 1:17:30]} 33. Rxe2
{[%clk 0:46:25]} Nd7 {[%clk 1:14:06]} 34. Rd2 {[%clk 0:43:59]} Ke7
{[%clk 1:14:20]} 35. Rd4 {[%clk 0:39:39]} Ne5 {[%clk 1:14:40]} 36. Rxd8
{[%clk 0:39:23]} Kxd8 {[%clk 1:15:09]} 37. Kd4 {[%clk 0:39:24]} Nxc4
{[%clk 1:15:14]} 38. Kxc4 {[%clk 0:36:43]} Kc7 {[%clk 1:15:40]} 39. c3
{[%clk 0:36:09]} Kd6 {[%clk 1:00:12]} 40. Kd4 {[%clk 0:36:11]} g5
{[%clk 1:00:21]} 41. b4 {[%clk 0:36:17]} axb4 {[%clk 1:00:30]} 42. cxb4
{[%clk 0:36:39]} c5+ {[%clk 1:00:57]} 43. bxc5+ {[%clk 0:36:49]} bxc5+
{[%clk 1:01:21]} 44. Ke3 {[%clk 0:36:58]} c4 {[%clk 1:01:44]} 45. a5
{[%clk 0:37:18]} Kc5 {[%clk 1:02:09]} 46. a6 {[%clk 0:37:34]} Kb6
{[%clk 1:02:33]} 47. Kd4 {[%clk 0:37:49]} g4 {[%clk 1:02:57]} 48. Kxc4
{[%clk 0:37:59]} g3 {[%clk 1:03:22]} 49. Kd5 {[%clk 0:38:18]} g2 {[%clk 1:03:44]}
50. Ke6 {[%clk 0:38:41]} g1=Q {[%clk 1:04:10]} 51. Kxf6 {[%clk 0:38:43]} Kxa6
{[%clk 1:04:35]} 52. e5 {[%clk 0:39:01]} Kb6 {[%clk 1:04:58]} 53. e6
{[%clk 0:39:20]} Kc7 {[%clk 1:05:22]} 54. e7 {[%clk 0:39:30]} Kd7
{[%clk 1:05:46]} 55. Kf7 {[%clk 0:39:51]} Qf2+ {[%clk 1:06:11]} 56. Kg6
{[%clk 0:40:08]} Kxe7 {[%clk 1:06:34]} 57. Kg5 {[%clk 0:40:19]} Qf3
{[%clk 1:07:00]} 58. Kh4 {[%clk 0:39:59]} Qg2 {[%clk 1:07:25]} 59. Kh5
{[%clk 0:40:20]} Kf6 {[%clk 1:07:51]} 60. Kh6 {[%clk 0:40:12]} Qh3#
{[%clk 1:08:15]} 0-1

[Event "Internacional Barreiro"]
[Site "?"]
[Date "2017.10.08"]
[Round "6.8"]
[White "Figueiredo, Helder Emanuel"]
[Black "Santos, Ana Maria Casimiro"]
[Result "1-0"]
[BlackElo "1524"]
[WhiteElo "2039"]
[LiveChessVersion "1.4.8"]

1. e4 {[%clk 1:30:29]} e5 {[%clk 1:15:36]} 2. Nf3 {[%clk 1:26:45]} Nc6
{[%clk 1:15:59]} 3. Bb5 {[%clk 1:27:09]} a6 {[%clk 1:16:19]} 4. Ba4
{[%clk 1:27:35]} Nf6 {[%clk 1:16:37]} 5. O-O {[%clk 1:27:57]} b5 {[%clk 1:16:36]}
6. Bb3 {[%clk 1:28:22]} Be7 {[%clk 1:15:43]} 7. Re1 {[%clk 1:27:52]} O-O
{[%clk 1:16:00]} 8. c3 {[%clk 1:28:15]} d5 {[%clk 1:14:22]} 9. exd5
{[%clk 1:28:39]} Nxd5 {[%clk 1:14:46]} 10. Nxe5 {[%clk 1:29:02]} Nxe5
{[%clk 1:15:13]} 11. Rxe5 {[%clk 1:29:25]} c6 {[%clk 1:15:20]} 12. d4
{[%clk 1:29:46]} Bd6 {[%clk 1:15:01]} 13. Re1 {[%clk 1:30:09]} Qh4
{[%clk 1:13:33]} 14. g3 {[%clk 1:30:26]} Qh3 {[%clk 1:13:52]} 15. Re4
{[%clk 1:30:50]} Nf6 {[%clk 1:07:59]} 16. Rh4 {[%clk 1:30:29]} Qf5
{[%clk 1:00:16]} 17. Bc2 {[%clk 1:30:08]} Qd5 {[%clk 0:54:21]} 18. Qd3
{[%clk 1:27:22]} g6 {[%clk 0:47:53]} 19. Bb3 {[%clk 1:16:41]} Qf5
{[%clk 0:46:43]} 20. Qxf5 {[%clk 1:13:23]} Bxf5 {[%clk 0:47:02]} 21. Be3
{[%clk 0:56:22]} Rfe8 {[%clk 0:22:29]} 22. Nd2 {[%clk 0:46:40]} Ng4
{[%clk 0:09:35]} 23. Bg5 {[%clk 0:42:14]} Re2 {[%clk 0:08:02]} 24. Bd1
{[%clk 0:33:31]} Re1+ {[%clk 0:05:54]} 25. Kg2 {[%clk 0:33:19]} Kg7
{[%clk 0:05:02]} 26. Nb3 {[%clk 0:29:54]} f6 {[%clk 0:04:56]} 27. Bd2
{[%clk 0:30:15]} Rxd1 {[%clk 0:02:58]} 28. Rxd1 {[%clk 0:30:36]} g5
{[%clk 0:03:22]} 29. Rxg4 {[%clk 0:28:08]} Bxg4 {[%clk 0:03:49]} 30. Re1
{[%clk 0:27:02]} Kf7 {[%clk 0:03:45]} 31. Na5 {[%clk 0:25:19]} Bd7
{[%clk 0:02:07]} 32. Nb7 {[%clk 0:22:45]} Bf8 {[%clk 0:01:57]} 33. f4
{[%clk 0:22:58]} h6 {[%clk 0:02:14]} 34. fxg5 {[%clk 0:22:31]} fxg5
{[%clk 0:02:17]} 35. b3 {[%clk 0:21:18]} Kg6 {[%clk 0:01:28]} 36. Re5
{[%clk 0:20:34]} Bf5 {[%clk 0:00:53]} 37. Na5 {[%clk 0:18:28]} Bd6
{[%clk 0:00:51]} 38. Re1 {[%clk 0:18:38]} g4 {[%clk 0:01:06]} 39. Nxc6
{[%clk 0:18:10]} Kg7 {[%clk 0:01:01]} 40. Bf4 {[%clk 0:17:04]} Ba3
{[%clk 0:00:46]} 41. d5 {[%clk 0:15:55]} Rc8 {[%clk 0:00:42]} 42. b4
{[%clk 0:12:13]} h5 {[%clk 0:00:34]} 43. Ne7 {[%clk 0:12:14]} Rf8
{[%clk 0:00:42]} 44. Nxf5+ {[%clk 0:12:32]} Rxf5 {[%clk 0:01:09]} 45. Re5
{[%clk 0:11:24]} Rxe5 {[%clk 0:01:05]} 46. Bxe5+ {[%clk 0:11:53]} Kf7
{[%clk 0:01:28]} 47. h3 {[%clk 0:11:52]} Ke8 {[%clk 0:00:37]} 48. hxg4
{[%clk 0:12:15]} hxg4 {[%clk 0:01:06]} 49. Kf2 {[%clk 0:11:55]} Bc1
{[%clk 0:01:31]} 50. Bf4 {[%clk 0:12:19]} Bb2 {[%clk 0:01:54]} 51. Bd2
{[%clk 0:12:40]} 1-0